000 00866nam a2200217Ii 4500
003 JO-AjNU
008 230605s9999||||xx |||||||||||||| ||und||
017 _a2007/8/2621
040 _aJO-AjNU
_bara
_erda
_cJO-AjNU
041 _aara
050 1 4 _aG156.5.G9252 2008
100 3 _aتاليف غرايبة، خليف مصطفى؛ مراجعة غرايبة، عائشة خليف,
_eauthor
_912028
245 0 0 _aالسياحة البيئية مع التركيز على الوطن العربي بشكل عام والأردن بشكل خاص
250 _aط1
264 3 1 _aعمان: دار يافا ودار الجنادرية، 2008
300 _a154ص
336 _atext
_btxt
_2rdacontent
337 _aunmediated
_bn
_2rdamedia
338 _avolume
_bnc
_2rdacarrier
650 4 _aصحة البيئية-البيئة-صناعة السياحة-البيئية
_912029
999 _aA2629
_c6197
_d6197